[Event "SR 2. liga A 2006/2007"]
[Site "?"]
[Date "????.??.??"]
[Round "4.7"]
[White "Macka, Oto"]
[Black "Gutdeutsch, Otto"]
[Result "1-0"]
[WhiteElo "1974"]
[BlackElo "2015"]
[PlyCount "52"]
[EventDate "2006.??.??"]

1. c4 Nf6 2. Nc3 e5 3. Nf3 Nc6 4. e4 Bc5 5. Nxe5 Bxf2+ 6. Kxf2 Nxe5 7. d4 Nfg4+
8. Ke1 Qf6 9. Qe2 Nxc4 10. Qxg4 d5 11. Nxd5 Qxf1+ 12. Rxf1 Bxg4 13. Nxc7+ Ke7
14. Nxa8 Rxa8 15. b3 Nb6 16. Ba3+ Ke8 17. Rc1 Rd8 18. d5 Rd7 19. Bc5 Rc7 20.
Be3 Re7 21. Rf4 f5 22. Bxb6 g5 23. Rxg4 fxg4 24. Rc8+ Kf7 25. Rc7 axb6 26.
Rxe7+ Kxe7 1-0

[Event "SR 2. liga A 2006/2007"]
[Site "?"]
[Date "2006.11.26"]
[Round "4.7"]
[White "Prikler, Bruno"]
[Black "Beles, Milan"]
[Result "0-1"]
[WhiteElo "2094"]
[BlackElo "1897"]
[PlyCount "122"]
[EventDate "2006.??.??"]
[TimeControl "240+2"]

{284MB, Fritz8.ctg, K48BB} 1. c4 c5 2. Nc3 Nf6 3. g3 d5 4. cxd5 Nxd5 5. Bg2 Nc7
6. d3 e5 7. f4 exf4 8. Bxf4 Ne6 9. Nh3 Be7 10. O-O O-O 11. e3 Nd7 12. Ne4 f5
13. Nd6 Nxf4 14. Nxf4 Bxd6 15. Ne6 Qe7 16. Nxf8 Nxf8 17. Bd5+ Be6 18. Qb3 g6
19. e4 Bxd5 20. Qxd5+ Qe6 21. Qxb7 Rb8 22. Qxa7 Rxb2 23. Qa3 Rd2 24. Qc3 Rxa2
25. Rae1 fxe4 26. Rxe4 Qd5 27. Qf6 Ra7 28. Qf3 Rf7 29. Qe2 Rxf1+ 30. Kxf1 Kf7
31. Qe3 Ne6 32. Kg1 Nd4 33. g4 Ne6 34. Qf3+ Ke7 35. Qe3 Bc7 36. Qe2 Ba5 37. Qe3
Bc3 38. Qf3 Bd4+ 39. Kg2 Qd6 40. h4 Qd5 41. Kh3 Qd6 42. Kg2 Qa6 43. Qe2 Be5 44.
Qf1 Qa2+ 45. Qf2 Qxf2+ 46. Kxf2 Kd6 47. Ra4 h6 48. Kf3 Kd5 49. Ra6 g5 50. h5
Nd4+ 51. Kf2 Nc6 52. Ke2 Bd6 53. Kd2 Ne5 54. Ra4 Nd7 55. Ra6 Nf6 56. Ra8 Nxg4
57. Rh8 Ke5 58. Kc3 Ke6 59. Rh7 Be5+ 60. Kc4 Bd4 61. Kb5 Kf5 0-1

[Event "SR 2. liga A 2006/2007"]
[Site "?"]
[Date "2006.11.26"]
[Round "4.8"]
[White "Srna, Jan"]
[Black "Kliman, Marek"]
[Result "1-0"]
[WhiteElo "2041"]
[BlackElo "1524"]
[PlyCount "37"]
[EventDate "2006.??.??"]
[TimeControl "240+2"]

{284MB, Fritz8.ctg, K48BB} 1. d4 d5 2. Nf3 e6 3. e3 Nf6 4. a3 Be7 5. b3 b6 6.
Bb2 Ba6 7. c4 c5 8. Bd3 Bb7 9. O-O Qc7 10. Nbd2 Nbd7 11. Rc1 Rc8 12. Re1 Ng4
13. h3 Nxf2 14. Kxf2 Bh4+ 15. Nxh4 dxc4 16. bxc4 g5 17. Nhf3 f5 18. d5 Rg8 19.
dxe6 1-0

[Event "SR 2. liga A 2006/2007"]
[Site "?"]
[Date "2006.11.26"]
[Round "4.8"]
[White "Zdrazil, Bohumir"]
[Black "Rathousky, Karol"]
[Result "0-1"]
[WhiteElo "1965"]
[BlackElo "1863"]
[PlyCount "74"]
[EventDate "2006.??.??"]

1. d4 d5 2. c4 c6 3. Nf3 Nf6 4. Nc3 g6 5. e3 Bg7 6. Qc2 O-O 7. Bd3 dxc4 8. Bxc4
Nbd7 9. O-O Nb6 10. Bd3 Nbd5 11. a3 Bg4 12. Ne5 Rc8 13. h3 Be6 14. Na4 Nd7 15.
Nxd7 Bxd7 16. Nc5 Rc7 17. e4 Nb6 18. Bf4 Bxd4 19. Bxc7 Qxc7 20. Nxd7 Nxd7 21.
Rad1 Qe5 22. Rd2 c5 23. Kh1 Nf6 24. f4 Qb8 25. Be2 b6 26. Qd3 e5 27. f5 Qd6 28.
g3 a6 29. Bf3 b5 30. Qe2 Rb8 31. g4 h6 32. Bg2 b4 33. fxg6 fxg6 34. h4 bxa3 35.
bxa3 Qe6 36. Bf3 h5 37. gxh5 Qh3+ 0-1

[Event "SR 2. liga A 2006/2007"]
[Site "?"]
[Date "2006.12.16"]
[Round "5"]
[White "Bednar, Jan"]
[Black "Frindt, Kornel"]
[Result "1/2-1/2"]
[WhiteElo "2176"]
[BlackElo "2212"]
[PlyCount "149"]
[EventDate "2006.??.??"]

1. d4 Nf6 2. c4 g6 3. Nc3 Bg7 4. e4 d6 5. f3 O-O 6. Be3 e5 7. Nge2 exd4 8. Nxd4
Nc6 9. Be2 Nd7 10. O-O Re8 11. Nd5 a6 12. Re1 Nf8 13. Qd2 Ne6 14. Nxe6 Bxe6 15.
Rac1 b6 16. Bd1 Bd7 17. b4 a5 18. a3 axb4 19. axb4 Ra3 20. Bg5 f6 21. Qb2 fxg5
22. Qxa3 Rf8 23. b5 Bd4+ 24. Kh1 Ne5 25. Be2 Be6 26. Rf1 Nd7 27. f4 Bxd5 28.
cxd5 gxf4 29. Qh3 Nc5 30. g3 Qe8 31. Bf3 Be3 32. Rce1 Nxe4 33. gxf4 Nd2 34. Bg2
Nxf1 35. Bxf1 Rxf4 36. Bd3 Qf7 37. Qxe3 Qxd5+ 38. Be4 Qg5 39. Bg2 Qf6 40. Qe8+
Kg7 41. Qd7+ Kh6 42. Qxc7 d5 43. Qc1 d4 44. Re6 Qg5 45. Rxb6 Rf5 46. Qxg5+ Kxg5
47. Kg1 d3 48. Rd6 Rxb5 49. Rxd3 Rb2 50. Rd4 Ra2 51. h3 Ra6 52. Kh2 Ra3 53. Rd7
h6 54. Rd6 h5 55. Kg1 Rb3 56. Kf2 Ra3 57. Bf3 Rb3 58. Kg3 Rb4 59. h4+ Kf5 60.
Rd5+ Kf6 61. Rg5 Kf7 62. Ra5 Rb6 63. Ra4 Kg7 64. Kf4 Rf6+ 65. Ke3 Kh6 66. Ra5
Kg7 67. Be4 Kh6 68. Rg5 Kg7 69. Bd3 Kf7 70. Ke4 Re6+ 71. Re5 Rf6 72. Rg5 Kg7
73. Ke5 Kf7 74. Bxg6+ Rxg6 75. Rxh5 1/2-1/2

[Event "SR 2. liga A 2006/2007"]
[Site "?"]
[Date "2006.12.16"]
[Round "5"]
[White "Fabry, Robert"]
[Black "Stefan, Oldrich"]
[Result "1-0"]
[WhiteElo "2206"]
[BlackElo "2065"]
[Annotator "Fabry"]
[PlyCount "75"]
[EventDate "2006.??.??"]

1. Nf3 Nf6 2. b3 g6 3. Bb2 Bg7 4. e3 O-O 5. Be2 b6 6. d3 Bb7 7. Nbd2 d6 8. c4
e5 9. Qc2 Re8 10. h4 Nbd7 11. O-O-O e4 12. Ne1 exd3 13. Nxd3 Ne4 14. h5 Bxb2+
15. Qxb2 Qf6 16. hxg6 fxg6 17. Bf3 Rab8 18. Nxe4 Qxb2+ 19. Kxb2 Bxe4 20. Bxe4
Rxe4 21. Rd2 Rf8 22. Nf4 Ne5 23. Nd5 Rf7 24. f3 c6 25. fxe4 cxd5 26. Rxd5 Rf2+
27. Kc3 Rxg2 28. Rxd6 Rg4 29. Re6 Rxe4 30. Re7 Rxe3+ 31. Kd4 Nc6+ 32. Kxe3 Nxe7
33. Ke4 Kg7 34. b4 g5 35. c5 Kg6 36. Rd1 h5 37. c6 h4 38. c7 1-0

[Event "SR 2. liga A 2006/2007"]
[Site "?"]
[Date "2006.12.16"]
[Round "5"]
[White "Flak, Juraj"]
[Black "Novak, Stanislav"]
[Result "1-0"]
[WhiteElo "2077"]
[BlackElo "2017"]
[PlyCount "35"]
[EventDate "2006.??.??"]

1. e4 Nc6 2. Nf3 g6 3. d4 d5 4. e5 Bf5 5. Bb5 Qd7 6. Be3 Bg7 7. Nbd2 f6 8. Nb3
O-O-O 9. Nc5 Qe8 10. e6 a6 11. Qe2 Kb8 12. c3 g5 13. Bxa6 Na5 14. b4 bxa6 15.
Qxa6 Qc6 16. Qxa5 Bxe6 17. b5 Qd6 18. b6 1-0

[Event "SR 2. liga A 2006/2007"]
[Site "?"]
[Date "2006.12.16"]
[Round "5"]
[White "Hebelka, Milos"]
[Black "Hoferek, Peter"]
[Result "1-0"]
[WhiteElo "2093"]
[BlackElo "1914"]
[Annotator "Fabry"]
[PlyCount "105"]
[EventDate "2006.??.??"]

1. e4 c5 2. c3 Nc6 3. Bb5 d6 4. Ne2 Bd7 5. O-O Nf6 6. Ng3 Qb6 7. Na3 e6 8. d3
Be7 9. h3 h5 10. Be3 h4 11. Ne2 a6 12. Ba4 Qc7 13. c4 d5 14. exd5 exd5 15. Bxc6
Qxc6 16. d4 Rd8 17. dxc5 Bxc5 18. Bxc5 Qxc5 19. cxd5 Bc6 20. Nf4 Nxd5 21. Re1+
Kf8 22. Qd2 Rh6 23. Nd3 Qd4 24. Nc2 Qf6 25. Ne5 Rh5 26. Nxc6 Qxc6 27. Rad1 Re8
28. Nd4 Rxe1+ 29. Rxe1 Qc8 30. Nf3 Ne7 31. Qb4 Rc5 32. Qxh4 Ng6 33. Qb4 Kg8 34.
Re8+ Qxe8 35. Qxc5 Qd8 36. g3 Nf8 37. b4 Ne6 38. Qc4 Nc7 39. Ne5 Qd1+ 40. Kh2
Ne6 41. Qc8+ Kh7 42. Nxf7 Qf1 43. Qc2+ Kg8 44. Ne5 b5 45. h4 Nd4 46. Qd2 Ne2
47. Qd5+ Kh7 48. Qg2 Qb1 49. Nf3 Qxa2 50. Ng5+ Kh6 51. Qc6+ g6 52. Qf6 Kh5 53.
Qe5 1-0

[Event "SR 2. liga A 2006/2007"]
[Site "?"]
[Date "2006.12.16"]
[Round "5"]
[White "Hrivnak, Martin"]
[Black "Biro, Karol"]
[Result "0-1"]
[WhiteElo "2219"]
[BlackElo "2191"]
[Annotator "Fabry"]
[PlyCount "126"]
[EventDate "2006.??.??"]

1. d4 c5 2. e4 cxd4 3. Nf3 e6 4. c3 dxc3 5. Nxc3 a6 6. Bf4 Nc6 7. h4 d6 8. Qd2
Nf6 9. O-O-O b5 10. Bxd6 Bxd6 11. Qxd6 Qxd6 12. Rxd6 Bb7 13. a3 Ke7 14. Rd2 b4
15. axb4 Nxb4 16. Rd4 a5 17. Bb5 Rhd8 18. Rhd1 Rxd4 19. Rxd4 Rc8 20. Kd2 Rc7
21. Ne5 Rc5 22. Nd3 Nxe4+ 23. Rxe4 Rxb5 24. Rg4 Rb6 25. Ne5 Nd5 26. Rxg7 Rxb2+
27. Kc1 Rxf2 28. Ne4 Rf1+ 29. Kb2 h6 30. Nc5 Kd6 31. Ned3 Bc6 32. g4 e5 33. Rh7
Nf4 34. Rxh6+ Kd5 35. Nxf4+ Rxf4 36. Nb3 a4 37. Na5 a3+ 38. Ka2 Bd7 39. g5 e4
40. Nb7 Be6 41. g6 fxg6 42. Rxg6 e3 43. Nc5 Kxc5+ 44. Rxe6 Kd4 45. Kxa3 Rxh4
46. Kb2 Re4 47. Rd6+ Ke5 48. Rd1 Rc4 49. Rd8 Ke4 50. Kb3 Rc6 51. Re8+ Kf3 52.
Rf8+ Ke2 53. Re8 Kf2 54. Rf8+ Ke1 55. Re8 e2 56. Rf8 Rd6 57. Kc2 Rc6+ 58. Kb3
Rc5 59. Rf7 Kd2 60. Rd7+ Ke3 61. Re7+ Kd3 62. Re8 Rb5+ 63. Ka3 Rb1 0-1

[Event "SR 2. liga A 2006/2007"]
[Site "?"]
[Date "2006.12.16"]
[Round "5"]
[White "Koutny, Pavel"]
[Black "Milanov, Jasen"]
[Result "0-1"]
[WhiteElo "1876"]
[BlackElo "2015"]
[Annotator "Fabry"]
[PlyCount "94"]
[EventDate "2006.??.??"]

1. e4 e6 2. d4 d5 3. Nd2 dxe4 4. Nxe4 Nd7 5. Nf3 Ngf6 6. Bd3 Nxe4 7. Bxe4 Nf6
8. Bd3 c5 9. O-O cxd4 10. Bb5+ Bd7 11. Bxd7+ Qxd7 12. Qxd4 Qxd4 13. Nxd4 a6 14.
Bg5 Ne4 15. Be3 Bc5 16. c3 Rd8 17. Rad1 Ke7 18. f3 Bxd4 19. Rxd4 Nf6 20. Rfd1
Nd5 21. Bf2 Nf4 22. Rxd8 Rxd8 23. Bc5+ Ke8 24. Rxd8+ Kxd8 25. c4 Kd7 26. Bf8 g6
27. Bh6 Nd3 28. Bg7 Kc6 29. Kf1 Kc5 30. b3 Nc1 31. Ke1 Nxa2 32. Kd2 a5 33. Bf6
Kc6 34. Be7 Nb4 35. Bxb4 axb4 36. Kd3 Kc5 37. Ke4 f6 38. f4 h6 39. h4 h5 40. g3
b6 41. Kd3 Kd6 42. Kd4 e5+ 43. Ke4 f5+ 44. Kd3 e4+ 45. Kd2 Kc6 46. Ke2 b5 47.
cxb5+ Kxb5 0-1

[Event "SR 2. liga A 2006/2007"]
[Site "?"]
[Date "2006.12.16"]
[Round "5"]
[White "Krajnak, Robert"]
[Black "Polacik, Igor"]
[Result "1/2-1/2"]
[WhiteElo "2106"]
[BlackElo "2091"]
[PlyCount "50"]
[EventDate "2006.??.??"]

1. Nf3 Nf6 2. c4 e6 3. b3 b6 4. e3 Bb7 5. Be2 Be7 6. Bb2 O-O 7. O-O c5 8. d3 d6
9. Nbd2 Nbd7 10. Rc1 Re8 11. Rc2 Qc7 12. Qa1 Rad8 13. a3 Qb8 14. Rfc1 Qa8 15.
Bf1 Bf8 16. b4 a6 17. Bc3 Bc6 18. Rb2 Rb8 19. Rcb1 Be7 20. a4 cxb4 21. Bxb4 a5
22. Bc3 Nc5 23. Rxb6 Rxb6 24. Rxb6 Nxa4 25. Rxc6 Qxc6 1/2-1/2

[Event "SR 2. liga A 2006/2007"]
[Site "?"]
[Date "2006.12.16"]
[Round "5"]
[White "Macka, Oto"]
[Black "Kolman, Richard"]
[Result "1-0"]
[WhiteElo "1974"]
[BlackElo "2110"]
[Annotator "Fabry"]
[PlyCount "46"]
[EventDate "2006.??.??"]

1. c4 e5 2. Nc3 Nc6 3. Nf3 g6 4. e3 Bg7 5. d4 d6 6. Be2 f5 7. d5 Nce7 8. b4 a5
9. bxa5 Nf6 10. Bd2 O-O 11. O-O Rxa5 12. Nb5 Ra8 13. Bb4 b6 14. a4 h6 15. a5
bxa5 16. Bxa5 Ne8 17. Qb3 Kh7 18. Rfd1 Ng8 19. c5 e4 20. Nfd4 dxc5 21. Ne6 Qd7
22. Nxf8+ Bxf8 23. Bc3 Bd6 1-0

[Event "SR 2. liga A 2006/2007"]
[Site "?"]
[Date "2006.12.16"]
[Round "5"]
[White "Magyar, Frantisek"]
[Black "Gazi, Mikulas"]
[Result "0-1"]
[WhiteElo "2067"]
[BlackElo "2173"]
[PlyCount "54"]
[EventDate "2006.??.??"]

1. d4 Nf6 2. Nf3 g6 3. c4 Bg7 4. Nc3 d5 5. e3 O-O 6. Be2 dxc4 7. Bxc4 c5 8. O-O
Nc6 9. dxc5 Qa5 10. Nd4 Qxc5 11. Nxc6 Qxc6 12. Be2 Be6 13. Bf3 Qa6 14. a4 Rfd8
15. Qc2 Nd5 16. Nxd5 Bxd5 17. Bxd5 Rxd5 18. Ra3 Rad8 19. b4 Qd6 20. Rb3 Rd1 21.
Ba3 Rxf1+ 22. Kxf1 Qxh2 23. g3 Qh1+ 24. Ke2 b5 25. a5 Be5 26. e4 Rd4 27. Re3
Rc4 0-1

[Event "SR 2. liga A 2006/2007"]
[Site "?"]
[Date "2006.12.16"]
[Round "5"]
[White "Mikulas, Dusan"]
[Black "Chovanec, Vladimir"]
[Result "1/2-1/2"]
[WhiteElo "2167"]
[BlackElo "2070"]
[Annotator "Fabry"]
[PlyCount "42"]
[EventDate "2006.??.??"]

1. e4 c5 2. Nf3 Nc6 3. d4 cxd4 4. Nxd4 e5 5. Nb5 d6 6. c4 Be6 7. N1c3 a6 8. Na3
Be7 9. Be3 Bg5 10. Nc2 Bxe3 11. Nxe3 Nf6 12. Be2 O-O 13. O-O Nd4 14. Re1 Rc8
15. Bf1 g6 16. Rc1 Nh5 17. Ne2 Nxe2+ 18. Rxe2 Nf6 19. f3 Qb6 20. Kh1 Rfd8 21.
Qe1 Qc7 1/2-1/2

[Event "SR 2. liga A 2006/2007"]
[Site "?"]
[Date "2006.12.16"]
[Round "5"]
[White "Petrik, Stanislav"]
[Black "Machalova, Erika"]
[Result "1-0"]
[WhiteElo "2184"]
[BlackElo "2106"]
[PlyCount "57"]
[EventDate "2006.??.??"]

1. e4 c5 2. Nf3 d6 3. Bb5+ Bd7 4. Bxd7+ Qxd7 5. O-O Nc6 6. c3 g6 7. d4 cxd4 8.
cxd4 Bg7 9. Nc3 Nf6 10. d5 Nb4 11. e5 Ng4 12. exd6 exd6 13. Re1+ Kf8 14. a3 Na6
15. Nd4 Nf6 16. Bf4 Nc7 17. Qb3 Nh5 18. Be3 b6 19. Rac1 h6 20. Ncb5 Na6 21. Qc4
Be5 22. f4 Bxf4 23. Bxf4 Nxf4 24. Ne6+ Nxe6 25. dxe6 Qe7 26. exf7 Qg5 27. Re8+
Kg7 28. Qd4+ Kh7 29. Qxh8# 1-0

[Event "SR 2. liga A 2006/2007"]
[Site "?"]
[Date "2006.12.16"]
[Round "5"]
[White "Pivacek, Marek"]
[Black "Janos, Jozef"]
[Result "0-1"]
[WhiteElo "2018"]
[BlackElo "2235"]
[Annotator "Fabry"]
[PlyCount "78"]
[EventDate "2006.??.??"]

1. Nf3 Nf6 2. g3 d5 3. d4 e6 4. Bg2 c5 5. O-O Nc6 6. b3 cxd4 7. Nxd4 e5 8. Nxc6
bxc6 9. Bb2 Bd6 10. c4 Bb7 11. Nc3 d4 12. Ne4 Nxe4 13. Bxe4 Qe7 14. Qd3 g6 15.
f4 exf4 16. Bxd4 O-O 17. gxf4 Rad8 18. Qf3 Rfe8 19. Bd3 c5 20. Bf6 Qxf6 21.
Qxb7 Bxf4 22. Qf3 Rd4 23. e4 g5 24. Qh3 Re5 25. Kh1 Qd6 26. Rf3 Qe6 27. Qxe6
Rxe6 28. Kg2 Red6 29. Rd1 Rxe4 30. Bxe4 Rxd1 31. Rd3 Ra1 32. a4 Ra2+ 33. Kf3
Rxh2 34. Rd7 Kg7 35. Bd5 Kf6 36. Rxf7+ Ke5 37. Rxa7 h5 38. Re7+ Kd4 39. Re2 g4+
0-1

[Event "SR 2. liga A 2006/2007"]
[Site "?"]
[Date "2006.12.16"]
[Round "5"]
[White "Susko, Peter"]
[Black "Goga, Frantisek"]
[Result "1/2-1/2"]
[WhiteElo "1944"]
[BlackElo "2011"]
[PlyCount "25"]
[EventDate "2006.??.??"]

1. d4 Nf6 2. c4 g6 3. Nc3 Bg7 4. e4 d6 5. f3 O-O 6. Be3 e5 7. Qd2 exd4 8. Bxd4
Nc6 9. Be3 Be6 10. h4 h5 11. Bg5 Qd7 12. O-O-O a5 13. Nh3 1/2-1/2

[Event "SR 2. liga A 2006/2007"]
[Site "?"]
[Date "2006.12.16"]
[Round "5"]
[White "Tepper, Frantisek"]
[Black "Pinter, Erik"]
[Result "1/2-1/2"]
[WhiteElo "2171"]
[BlackElo "2410"]
[Annotator "Fabry"]
[PlyCount "87"]
[EventDate "2006.??.??"]

1. e4 c5 2. Nf3 d6 3. Bb5+ Nd7 4. O-O a6 5. Be2 Ngf6 6. d3 g6 7. Nbd2 b5 8. a4
Bb7 9. Re1 Bg7 10. Nf1 O-O 11. Bg5 h6 12. Bd2 Bc6 13. axb5 axb5 14. c3 Qb6 15.
Ng3 Rxa1 16. Qxa1 Ra8 17. Qc1 Kh7 18. Bd1 Qb7 19. Bc2 Nb6 20. h4 h5 21. Ng5+
Kg8 22. f4 e6 23. Rf1 Re8 24. Re1 Qb8 25. Bd1 Qa8 26. Bf3 Nh7 27. Nxh7 Kxh7 28.
Qd1 Qa4 29. Bxh5 gxh5 30. Qxh5+ Kg8 31. Qg4 Kf8 32. f5 Be5 33. Bg5 Nd7 34. Qh5
Bg7 35. Rf1 Nf6 36. Bxf6 Bxf6 37. Qh6+ Bg7 38. Qg5 f6 39. fxe6 Rxe6 40. Nh5 Qa7
41. Nxf6 Rxf6 42. Rxf6+ Bxf6 43. Qxf6+ Kg8 44. Qxd6 1/2-1/2

[Event "SR 2. liga A 2006/2007"]
[Site "?"]
[Date "2006.12.16"]
[Round "5.1"]
[White "Petrik, Karol"]
[Black "Tibensky, Robert"]
[Result "1/2-1/2"]
[WhiteElo "2409"]
[BlackElo "2136"]
[PlyCount "88"]
[EventDate "2006.??.??"]

1. e4 c5 2. Nf3 g6 3. g3 Nc6 4. Bg2 Bg7 5. O-O e6 6. d3 Nge7 7. c3 d5 8. Qc2
O-O 9. Re1 e5 10. exd5 Nxd5 11. Nbd2 Re8 12. a3 h6 13. Rb1 Be6 14. c4 Nde7 15.
b4 cxb4 16. axb4 Nf5 17. b5 Ncd4 18. Qd1 Qc7 19. Nb3 Nxb3 20. Qxb3 Rad8 21. Bb2
f6 22. Ra1 b6 23. Rad1 Bf7 24. Qa4 Rd7 25. Bf1 Nd6 26. Nd2 f5 27. Qa1 Rde7 28.
Bg2 Nb7 29. Bc6 Rd8 30. Nf3 Nc5 31. Bxe5 Rxe5 32. Nxe5 Nxd3 33. f4 Nxe1 34.
Rxd8+ Qxd8 35. Qxe1 Qd4+ 36. Kg2 Bxe5 37. fxe5 Qxc4 38. Qd2 Qe6 39. Qd8+ Kg7
40. Qb8 Qa2+ 41. Kg1 g5 42. Qd6 Qe6 43. Qc7 Qa2 44. Be8 Qa1+ 1/2-1/2

[Event "SR 2. liga A 2006/2007"]
[Site "?"]
[Date "2006.12.16"]
[Round "5.1"]
[White "Ruckschloss, Karol"]
[Black "Smolen, Jan"]
[Result "1/2-1/2"]
[WhiteElo "2331"]
[BlackElo "2327"]
[PlyCount "90"]
[EventDate "2006.??.??"]

1. c4 e6 2. d4 d5 3. e3 Nf6 4. Nf3 Be7 5. Nc3 O-O 6. Bd3 a6 7. b3 c5 8. O-O Nc6
9. Bb2 b6 10. Rc1 Bb7 11. cxd5 Nxd5 12. Na4 cxd4 13. Nxd4 Nxd4 14. Bxd4 Bf6 15.
Be4 Nxe3 16. Bxh7+ Kxh7 17. Bxe3 Qxd1 18. Rfxd1 b5 19. Nb6 Rad8 20. Nd7 Rg8 21.
Bb6 Rc8 22. Nc5 Bg5 23. Rc3 Bd5 24. Rh3+ Bh6 25. Nd3 Rc2 26. Nb4 Rcc8 27. Nxd5
exd5 28. g4 Kg6 29. Rxd5 Rc1+ 30. Kg2 f6 31. Rhd3 Bf4 32. h4 Rgc8 33. Rd7 R1c2
34. Ra7 Rxa2 35. Rdd7 Rg8 36. Bd4 Be5 37. Bxe5 fxe5 38. Re7 Kh7 39. h5 Rb2 40.
g5 Rxb3 41. h6 Rc3 42. Rxa6 Rcc8 43. Rb6 Rb8 44. Reb7 Rxb7 45. Rxb7 Kg6 1/2-1/2

[Event "SR 2. liga A 2006/2007"]
[Site "?"]
[Date "2006.12.16"]
[Round "5.2"]
[White "Maslik, Miroslav"]
[Black "Kohlman, Robert"]
[Result "1-0"]
[WhiteElo "2259"]
[BlackElo "2208"]
[PlyCount "49"]
[EventDate "2006.??.??"]

1. d4 d6 2. e4 Nf6 3. Nc3 g6 4. f4 Bg7 5. Nf3 O-O 6. e5 Nfd7 7. h4 c5 8. h5
cxd4 9. Qxd4 Nc6 10. Qg1 dxe5 11. hxg6 hxg6 12. Qh2 Nf6 13. Bd2 exf4 14. O-O-O
Bf5 15. Bxf4 Qc8 16. Be2 Nb4 17. Nd4 Bg4 18. Be5 Nh5 19. Bxg7 Kxg7 20. Qe5+ Kg8
21. Rxh5 Bxh5 22. Bxh5 Qc4 23. a3 Na6 24. Bf3 Qc5 25. Nd5 1-0

[Event "SR 2. liga A 2006/2007"]
[Site "?"]
[Date "2006.12.16"]
[Round "5.3"]
[White "Petreje, Juraj"]
[Black "Hartl, Jan"]
[Result "0-1"]
[WhiteElo "2171"]
[BlackElo "2157"]
[PlyCount "68"]
[EventDate "2006.??.??"]

1. d4 Nf6 2. g3 d5 3. Bg2 e6 4. c4 c6 5. Qd3 Nbd7 6. Nc3 dxc4 7. Qxc4 e5 8. Nf3
exd4 9. Qxd4 Bc5 10. Qf4 O-O 11. O-O Qe7 12. a3 a5 13. Rd1 Re8 14. b3 Bxf2+ 15.
Kxf2 Qc5+ 16. Qd4 Qxc3 17. Qxc3 Ne4+ 18. Kf1 Nxc3 19. Rd3 Nd5 20. Ng5 Nc5 21.
Bxd5 cxd5 22. Rxd5 Nxb3 23. Rb1 a4 24. Kf2 h6 25. Nf3 Be6 26. Rb5 Bc4 27. Re5
f6 28. Rxe8+ Rxe8 29. Be3 Rd8 30. Rb2 Ba6 31. Nd2 Nd4 32. Nb1 Nb5 33. Ke1 Re8
34. Kd2 Nd6 0-1

[Event "SR 2. liga A 2006/2007"]
[Site "?"]
[Date "2006.12.16"]
[Round "5.4"]
[White "Janos, Ivan"]
[Black "Bronis, Marian"]
[Result "1/2-1/2"]
[WhiteElo "2145"]
[BlackElo "2155"]
[PlyCount "71"]
[EventDate "2006.??.??"]

1. e4 c5 2. Nf3 e6 3. d4 cxd4 4. Nxd4 Nc6 5. Nc3 d6 6. Be2 Nf6 7. g4 Nxd4 8.
Qxd4 e5 9. Qd1 Be6 10. g5 Nd7 11. Nd5 Be7 12. Rg1 O-O 13. Bd3 f5 14. gxf6 Nxf6
15. Nxe7+ Qxe7 16. Be3 d5 17. exd5 Bxd5 18. Qe2 e4 19. Bd2 Qc7 20. Bb5 Qxc2 21.
Rc1 Qxb2 22. Rxg7+ Kh8 23. Rcc7 Qa1+ 24. Bc1 Rac8 25. Qc2 (25. Rxh7+ Nxh7 26.
Qb2+ Qxb2 27. Bxb2+ Nf6 28. Bxf6+ Rxf6 29. Rxc8+) 25... Rxc7 26. Rxc7 Qe5 27.
Bb2 Qd6 28. Qc3 Bc6 29. Ba3 Qxc7 30. Bxf8 Qf7 31. Bxc6 bxc6 32. Bh6 Qe6 33. Qg3
Ne8 34. Bd2 h6 35. Qe3 Qxa2 36. Qxh6+ 1/2-1/2

[Event "SR 2. liga A 2006/2007"]
[Site "?"]
[Date "2006.12.16"]
[Round "5.5"]
[White "Kebis, Milos"]
[Black "Michal, Silvio"]
[Result "1/2-1/2"]
[WhiteElo "2053"]
[BlackElo "2136"]
[PlyCount "30"]
[EventDate "2006.??.??"]

1. c4 c5 2. g3 g6 3. Bg2 Bg7 4. Nc3 Nc6 5. Nf3 Nf6 6. d4 cxd4 7. Nxd4 O-O 8.
O-O Nxd4 9. Qxd4 d6 10. e4 Be6 11. Qd3 Rc8 12. b3 a6 13. Bb2 Qd7 14. Rac1 Ng4
15. Qe2 Rfe8 1/2-1/2

[Event "SR 2. liga A 2006/2007"]
[Site "?"]
[Date "2006.12.16"]
[Round "5.6"]
[White "Zacik, Anton"]
[Black "Vinarcik, Jan"]
[Result "1/2-1/2"]
[WhiteElo "2069"]
[BlackElo "2027"]
[PlyCount "31"]
[EventDate "2006.??.??"]

1. e4 e5 2. Nf3 Nc6 3. Bb5 d6 4. d4 Bd7 5. O-O a6 6. Bxc6 Bxc6 7. Nc3 f6 8. Nh4
g6 9. g3 Bg7 10. Be3 Nh6 11. dxe5 dxe5 12. Bc5 Qxd1 13. Raxd1 Kf7 14. Nd5 Bxd5
15. Rxd5 Rhd8 16. Rfd1 1/2-1/2

[Event "SR 2. liga A 2006/2007"]
[Site "?"]
[Date "2006.12.16"]
[Round "5.7"]
[White "Povysil, Peter"]
[Black "Beles, Milan"]
[Result "1/2-1/2"]
[WhiteElo "2062"]
[BlackElo "2094"]
[PlyCount "29"]
[EventDate "2006.??.??"]

1. d4 d5 2. c4 dxc4 3. e4 b5 4. a4 c6 5. axb5 cxb5 6. b3 Nf6 7. e5 Nd5 8. bxc4
bxc4 9. Bxc4 e6 10. Ne2 Bb7 11. O-O Be7 12. Ba3 O-O 13. Nbc3 Nb4 14. Qb3 N8c6
15. Bxb4 1/2-1/2

[Event "SR 2. liga A 2006/2007"]
[Site "?"]
[Date "2006.12.16"]
[Round "5.8"]
[White "Srna, Jan"]
[Black "Faltan, Peter"]
[Result "1/2-1/2"]
[WhiteElo "2050"]
[BlackElo "2058"]
[PlyCount "50"]
[EventDate "2006.??.??"]

1. d4 d5 2. Nf3 Bf5 3. b3 e6 4. a3 Bd6 5. Bb2 Nf6 6. e3 Nbd7 7. c4 c6 8. Bd3
Bxd3 9. Qxd3 Ne4 10. Nbd2 f5 11. Qe2 O-O 12. Ne5 Bxe5 13. dxe5 Qc7 14. f4 Ndc5
15. Bd4 Rfd8 16. Bxc5 Nxc5 17. b4 Ne4 18. Nxe4 dxe4 19. Kf2 Rd3 20. Rhd1 Rad8
21. Rxd3 Rxd3 22. Rd1 Rxa3 23. Qb2 Rd3 24. Rxd3 exd3 25. Qd4 c5 1/2-1/2

[Event "SR 2. liga A 2006/2007"]
[Site "?"]
[Date "2006.12.17"]
[Round "6"]
[White "Bednar, Jan"]
[Black "Pacher, Milan"]
[Result "1-0"]
[WhiteElo "2176"]
[BlackElo "2262"]
[PlyCount "55"]
[EventDate "2006.??.??"]

1. d4 d5 2. c4 c6 3. Nf3 Nf6 4. Nc3 dxc4 5. a4 Bf5 6. e3 e6 7. Bxc4 Bb4 8. O-O
O-O 9. Nh4 Nbd7 10. Nxf5 exf5 11. Qb3 a5 12. Na2 Bd6 13. g3 Nb6 14. Bd3 g6 15.
Bd2 h5 16. Nc3 h4 17. e4 hxg3 18. hxg3 Bxg3 19. Bg5 Bc7 20. e5 Qxd4 21. Bxf6
Qxd3 22. Kg2 Bxe5 23. Bxe5 Nc4 24. Rad1 Nd2 25. Rxd2 Qxd2 26. Rh1 Qg5+ 27. Kf1
Qc1+ 28. Nd1 1-0

[Event "SR 2. liga A 2006/2007"]
[Site "?"]
[Date "2006.12.17"]
[Round "6"]
[White "Bronis, Marian"]
[Black "Biro, Karol"]
[Result "1/2-1/2"]
[WhiteElo "2155"]
[BlackElo "2191"]
[Annotator "Fabry"]
[PlyCount "32"]
[EventDate "2006.??.??"]

1. c4 e5 2. Nc3 Nc6 3. Nf3 Nf6 4. g3 d5 5. cxd5 Nxd5 6. d3 Be7 7. Bg2 O-O 8.
O-O Be6 9. a3 a5 10. Bd2 f6 11. Rc1 Qd7 12. Na4 Rac8 13. Qc2 Rfe8 14. Nc5 Bxc5
15. Qxc5 Nde7 16. b4 Nf5 1/2-1/2

[Event "SR 2. liga A 2006/2007"]
[Site "?"]
[Date "2006.12.17"]
[Round "6"]
[White "Cibicek, Jozef"]
[Black "Cambel, Vladimir"]
[Result "1-0"]
[WhiteElo "1981"]
[BlackElo "2049"]
[PlyCount "71"]
[EventDate "2006.??.??"]

1. d4 Nf6 2. Bg5 g6 3. Bxf6 exf6 4. c4 f5 5. Nc3 Bg7 6. g3 O-O 7. e3 d6 8. Bg2
Nd7 9. Nge2 Re8 10. O-O Nf6 11. b4 c6 12. a4 Ne4 13. Qc2 Qe7 14. b5 h5 15. a5
Be6 16. Nxe4 fxe4 17. Nf4 Bg4 18. a6 Rac8 19. axb7 Qxb7 20. Bxe4 g5 21. Bxc6
Rxc6 22. bxc6 Qxc6 23. Nd5 Qd7 24. Qa4 Qc8 25. f3 Be6 26. Rfe1 h4 27. Kf2 Bxd5
28. cxd5 Re7 29. g4 f5 30. Rec1 Qb7 31. Qc6 Qb2+ 32. Qc2 Bxd4 33. exd4 Qxd4+
34. Kf1 Qe3 35. Qc8+ Kg7 36. Qc3+ 1-0

[Event "SR 2. liga A 2006/2007"]
[Site "?"]
[Date "2006.12.17"]
[Round "6"]
[White "Djubek, Boris"]
[Black "Polacik, Igor"]
[Result "1/2-1/2"]
[WhiteElo "2174"]
[BlackElo "2091"]
[PlyCount "44"]
[EventDate "2006.??.??"]

1. d4 d5 2. c4 e6 3. Nc3 f5 4. Nf3 Nf6 5. Bf4 c6 6. e3 Be7 7. Bd3 O-O 8. O-O
Ne4 9. Nd2 Bd6 10. Bxd6 Nxd6 11. c5 Ne4 12. f3 Nxd2 13. Qxd2 Nd7 14. e4 Nf6 15.
e5 Nd7 16. b4 b6 17. Ne2 a5 18. Nf4 Re8 19. a3 Ba6 20. Rfc1 axb4 21. axb4 Bxd3
22. Nxd3 b5 1/2-1/2